Państwa z literą ,,o" w nazwie - Statystyki

Ogólne statystyki
  • Ten quiz został rozwiązany 873 razy
  • Średni wynik to 59 z 69
Statystyki odpowiedzi
Odpowiedź % Poprawnych
Polska
98%
Portugalia
96%
Rosja
96%
Korea Północna
95%
Korea Południowa
95%
Norwegia
94%
Holandia
93%
Japonia
92%
Oman
92%
Republika Południowej Afryki
92%
Bośnia i Harcegowina
91%
Nowa Zelandia
91%
Słowacja
91%
Dominika
90%
Estonia
90%
Kosowo
90%
Monako
90%
Słowenia
90%
Andora
89%
Boliwia
89%
Dominikana
89%
Włochy
89%
Chorwacja
88%
Indonezja
88%
Kongo
88%
Łotwa
88%
Mongolia
88%
Kolumbia
87%
Mołdawia
87%
San Marino
87%
Angola
86%
Honduras
86%
Jordania
86%
Kostaryka
86%
Maroko
86%
Stany Zjednoczone
86%
Macedonia Północna
85%
Republika Zielonego Przylądka
85%
Togo
85%
Zjednoczone Emiraty Arabskie
85%
Białoruś
84%
Czarnogóra
84%
Republika Środkowoafrykańska
84%
Wyspy Salomona
84%
Gwinea Równikowa
83%
Komory
83%
Demokratyczna Republika Konga
82%
Etiopia
82%
Laos
82%
Papua-Nowa Gwinea
82%
Somalia
82%
Tonga
82%
Botswana
81%
Ekwador
81%
Lesotho
81%
Kambodża
80%
Wybrzeże Kości Słoniowej
80%
Gabon
79%
Mozambik
79%
Wyspy Świętego Tomasza i Książęca
79%
Samoa
78%
Burkina Faso
76%
Salwador
76%
Trynidad i Tobago
76%
Barbados
75%
Mikronezja
75%
Sudan Południowy
75%
Sierra Leone
72%
Timor Wschodni
72%
Nie znaleziono quizów pasujących do podanych kryteriów
Rozkład punktacji
Procent ludzi z każdym wynikiem
Percentyl według liczby udzielonych odpowiedzi
Twoja historia wyników
Nie rozwiązałeś tego quizu